00539nas a2200193Ia 4500001001200000003001000012005001700022008004100039040002500080041001300105100003400118245005800152250003700210260000900247300001400256500004700270650001300317654001500330dd34-48047 IT-MiCISF20230203111954.0161014c99999999xx |||||||||||| ||und|| aIT-MiCISFcIT-MiCISF aITALIANO aRossi Francesco, Boffi Pietro 0aSolidale o immatura? La famiglia al tempo della crisi a"I martedì€", n. 10, dicembre  c2009 app. 10-13 a Tema: famiglia, società€, crisi-famiglia aFAMIGLIA aintervista